[Event "Pan American-ch U16"]
[Site "Guayaquil"]
[Date "2019.07.26"]
[Round "8"]
[White "Palma Munoz, Oscar"]
[Black "Balderas Garza, Adolfo"]
[Result "0-1"]
[WhiteElo "1558"]
[BlackElo "1715"]
[PlyCount "85"]
[EventDate "2019.07.21"]
[EventType "swiss"]
[EventRounds "9"]
[EventCountry "ECU"]
[SourceTitle "EXT 2020"]
[Source "ChessBase"]
[SourceDate "2019.10.17"]
[SourceVersion "1"]
[SourceVersionDate "2019.10.17"]
[SourceQuality "1"]

1. d4 Nf6 2. c4 g6 3. Nc3 Bg7 4. e4 d6 5. Nf3 0-0 6. Be2 Nbd7 7. 0-0 e5 8. Bg5 h6 9. Bh4 c6 10. Qd2 g5 11. Bg3 Nh5 12. d5 c5 13. Ne1 Nf4 14. Bg4 Qf6 15. Nc2 Nb6 16. Ne3 Nxc4 17. Qd1 Nb6 18. Bxc8 Nxc8 19. Qb3 Rb8 20. Nf5 Qd8 21. Rac1 Ne7 22. Nxe7+ Qxe7 23. Qd1 b5 24. Re1 Ng6 25. Qg4 Qb7 26. Nd1 Ne7 27. h4 Qc8 28. Qh5 f6 29. Ne3 Qe8 30. Qf3 Qf7 31. Rc3 f5 32. Nxf5 Nxf5 33. exf5 Qxf5 34. Qxf5 Rxf5 35. hxg5 hxg5 36. Ra3 Rf7 37. Ra6 Rb6 38. Rxb6 axb6 39. Re4 Ra7 40. a3 Kf7 41. f3 Ra4 42. Bf2 Bf6 43. Kf1 0-1

[Event "Windsor NAYCC U12"]
[Site "Windsor"]
[Date "2016.08.08"]
[Round "2.99"]
[White "Balderas Garza, Adolfo"]
[Black "Li, Si R"]
[Result "1-0"]
[WhiteElo "1956"]
[BlackElo "1366"]
[PlyCount "63"]
[EventDate "2016.08.07"]
[EventType "swiss"]
[EventRounds "9"]
[EventCountry "CAN"]
[SourceTitle "EXT 2022"]
[Source "ChessBase"]
[SourceDate "2021.10.06"]
[SourceVersion "1"]
[SourceVersionDate "2021.10.06"]
[SourceQuality "1"]

1. e4 c5 2. Nf3 d6 3. d4 cxd4 4. Nxd4 Nf6 5. Nc3 g6 6. Be3 Bg7 7. f3 0-0 8. Bc4 Nc6 9. Bb3 Bd7 10. Qd2 Na5 11. 0-0-0 Rb8 12. h4 h5 13. Bh6 Nxb3+ 14. Nxb3 Ba4 15. Nxa4 Bh8 16. Bxf8 Kxf8 17. e5 Ne8 18. Rhe1 b5 19. exd6 e6 20. Nac5 Qf6 21. Nd7+ Kg8 22. Nxf6+ Nxf6 23. d7 Nd5 24. Qa5 Bf6 25. Rxd5 Rd8 26. Rdd1 Bxh4 27. Qxb5 Bg5+ 28. Qxg5 Rxd7 29. Rxd7 Kg7 30. Rxe6 a5 31. Qxg6+ Kh8 32. Re8# 1-0